000 00299nam a2200109Ia 4500
008 220204s9999 xx 000 0 und d
082 _a541.251
_bSTE.4
245 0 _aStereochemistry: Fundamentals and methods. V 4
260 _aStuttgart
_bGeorge Thieme
_c1977
700 _aKagan, Henri B
942 _cBK
999 _c27978
_d27978